UBT Library

The Turks in world history / (Record no. 41695)

000 -LEADER
fixed length control field 00865cam a22002654a 4500
001 - CONTROL NUMBER
control field 13501365
005 - DATE AND TIME OF LATEST TRANSACTION
control field 20180202083757.0
008 - FIXED-LENGTH DATA ELEMENTS--GENERAL INFORMATION
fixed length control field 040225s2005 nyua b 001 0 eng
010 ## - LIBRARY OF CONGRESS CONTROL NUMBER
LC control number 2004041578
020 ## - INTERNATIONAL STANDARD BOOK NUMBER
International Standard Book Number 0195167708 (alk. paper)
020 ## - INTERNATIONAL STANDARD BOOK NUMBER
International Standard Book Number 0195177266 (pbk.)
040 ## - CATALOGING SOURCE
Original cataloging agency DLC
Transcribing agency DLC
Modifying agency DLC
041 ## - LANGUAGE CODE
Language code of text/sound track or separate title eng
042 ## - AUTHENTICATION CODE
Authentication code pcc
080 ## - UNIVERSAL DECIMAL CLASSIFICATION NUMBER
Universal Decimal Classification number 909.04943
082 00 - DEWEY DECIMAL CLASSIFICATION NUMBER
Classification number 909.04943 FIN
Edition number 22
100 1# - Rafti
Rafti 16
101 ## - Shkurtesa
Shkurtesa HIS
245 14 - TITLE STATEMENT
Title The Turks in world history /
Statement of responsibility, etc Carter Vaughn Findley.
246 30 - VARYING FORM OF TITLE
Title proper/short title Turks
504 ## - BIBLIOGRAPHY, ETC. NOTE
Bibliography, etc Includes bibliographical references (p. 263-285) and index.
906 ## - LOCAL DATA ELEMENT F, LDF (RLIN)
a 7
b cbc
c orignew
d 1
e ocip
f 20
g y-gencatlg
942 ## - ADDED ENTRY ELEMENTS (KOHA)
Source of classification or shelving scheme
Item type Books
Holdings
Withdrawn status Lost status Source of classification or shelving scheme Damaged status Not for loan Collection code Permanent location Current location Shelving location Date acquired Total Checkouts Full call number Barcode Date last seen Price effective from Koha item type
          Koleksioni i përgjithshem UBT - Lipjan UBT - Lipjan Koleksioni i përgjithshem 02/02/2018   909.04943 FIN 002-2997581 02/02/2018 02/02/2018 Books
UBT Library © 2015-2024. All rights reserved University Education for Business and Technology